| 000 | 00563nam a22002177a 4500 | ||
|---|---|---|---|
| 003 | OSt | ||
| 005 | 20140310181938.0 | ||
| 008 | 130724t xxu||||| |||| 00| 0 eng d | ||
| 020 | _a0590938088 | ||
| 050 |
_aPQ 2288 _b.H895 1831 |
||
| 082 |
_aCLA H87h _b1831 |
||
| 100 |
_aHugo, Victor _93495 |
||
| 245 |
_aThe hunchback of Notre Dame / _cVictor Hugo. |
||
| 260 |
_aNew York : _bScholastic, Inc, _cc1996. |
||
| 300 |
_a498 p. : _c19 cm. |
||
| 541 | _j1 | ||
| 541 | _j2 | ||
| 562 | _e2 | ||
| 650 |
_aFiction _9746 |
||
| 942 |
_2lcc _cBBK _kCLA |
||
| 999 |
_c7589 _d7589 |
||